Totally true Building vocabulary through reading Book 2

Wedi'i Gadw mewn:
Manylion Llyfryddiaeth
Prif Awdur: Huizenga,Jann
Fformat: Llyfr
Cyhoeddwyd: Oxford Oxford Univ. Press 2005
Pynciau:
Tagiau: Ychwanegu Tag
Dim Tagiau, Byddwch y cyntaf i dagio'r cofnod hwn!
Thư viện lưu trữ: Trung tâm Học liệu Lê Vũ Hùng, Trường Đại học Đồng Tháp
LEADER 00804pam a22003018a 4500
001 00027932
005 20171026081022.0
008 111221s2005 ||||||Engsd
020 # # |a 9780194302043 
041 0 # |a Eng 
082 1 4 |a 428  |b T435T 
100 1 # |a Huizenga,Jann 
245 1 0 |c Jann Huizenga  |a Totally true  |b Building vocabulary through reading  |n Book 2 
260 # # |a Oxford  |b Oxford Univ. Press  |c 2005 
300 # # |a xi,99p.  |c 30cm.  |b ill. 
653 # # |a thực hành anh ngữ 
653 # # |a tiếng Anh 
653 # # |a từ vựng 
852 # # |b Kho đọc  |j KD.0012902 
852 # # |j KD.0012906 
910 0 # |d 21/12/2011 
980 # # |a Trung tâm Học liệu Lê Vũ Hùng, Trường Đại học Đồng Tháp